| 000 | 00626nam a22001577a 4500 | ||
|---|---|---|---|
| 082 | _a621.3 | ||
| 100 | _aQurat-ul-Ain ; Sultan, Shizra ; Najam, Maleeha ; Muntaha, Mariam ; Arif, Maria | ||
| 245 |
_aInternational Trade / _cQurat-ul-Ain ; Shizra Sultan ; Maleeha Najam ; Mariam Muntaha ; Maria Arif |
||
| 260 |
_aIslamabad : _bSEECS - NUST, _c2009. |
||
| 300 |
_a68 p. ; _c30cm. |
||
| 650 |
_aElectrical Engineering-Project Report _930780 |
||
| 700 |
_aMr. Muhammad Yousaf _931155 |
||
| 856 | _uhttp://10.250.8.41:8080/xmlui/handle/123456789/29241 | ||
| 942 |
_2ddc _cPR |
||
| 999 |
_c537886 _d537886 |
||